Fabulous Flowers in Films Quiz Stats

Quiz Updated Feb 13, 2016

Challenge
Share
Tweet
Score 0/20 Timer 05:00
0 Plays Today
% Correct
E.T. the Extra-Terrestrial
99.4%
Snow White and the Seven Dwarfs
97.8%
Bambi
97.7%
The Wizard of Oz
97.7%
Alice in Wonderland
95.4%
Tarzan
92%
The Twilight Saga: Eclipse
91.5%
Beauty and the Beast
88.8%
Shrek the Third
84%
The Great Gatsby
82.2%
% Correct
Guardians of the Galaxy
69.6%
Little Shop of Horrors
60.3%
Shaun of the Dead
54.1%
Spirited Away
42.6%
Memoirs of a Geisha
36.4%
Big Fish
29.9%
Lars and the Real Girl
27.8%
Vertigo
23.8%
Atonement
23.3%
City Lights
17.7%

You're not logged in!

Compare scores with friends on all Sporcle quizzes.
Join for Free
OR
Log In

You Might Also Like...

Show Comments

Extras

Top Quizzes Today


Score Distribution

Your Account Isn't Verified!

In order to create a playlist on Sporcle, you need to verify the email address you used during registration. Go to your Sporcle Settings to finish the process.

Report this User

Report this user for behavior that violates our Community Guidelines.

Details: